تحليل الخطاب السياسي : (Record no. 27336)

MARC details
000 -الفاتح
حقل البيانات ثابتة الطول 01361nam a22003135a 4500
003 - محدد رقم الضبط
رقم الضبط EG-ScBUE
005 - وقت وتاريخ اخر تعامل مع التسجيلة
رقم الضبط 20190401112641.0
008 - عناصر البيانات ثابتة الطول - معلومات عامة
حقل البيانات ثابتة الطول 190401s2016 sy frb 000 0 ara d
020 ## - الرقم الدولى المعيارى للكتب
الرقم الدولى المعيارى للكتاب 9789933505783
040 ## - مصدر الفهرسة
وكالة الفهرسة الأصلية EG-ScBUE
لغة الفهرسة ara
وكالة النسخ EG-ScBUE
وكالة التعديل EG-ScBUE
041 1# - رمز اللغة
رمز لغة النص/ المسارات الصوتية أو العنوان الانفرادي ara
رمز لغة الترجمات و/او الاصلية المتوسطة للنص eng
082 04 - رقم تصنيف ديوى العشرى
رقم التصنيف 320.014
رقم المادة ف ي ر
رقم الطبعة 22
082 04 - رقم تصنيف ديوى العشرى
رقم التصنيف 401.41
رقم المادة ف ي ر
رقم الطبعة 22
100 1# - المدخل الرئيسى - إسم شخصى
الإسم الشخصى فيركلاو، إيزابيلا.
240 10 - العنوان الموحد
عنوان موحد Political discourse analysis.
لغة العمل Arabic
245 10 - بيان العنوان
العنوان تحليل الخطاب السياسي :
بقية العنوان مقاربة لطلاب الدراسات المتقدمة والعليا /
بيان المسئوليه,etc إيزابيلا فيركلاو، نورمان فيركلاو ؛ نقله إلى العربية عبد الفتاح عمورة.
260 ## - PUBLICATION, DISTRIBUTION, ETC. (IMPRINT)
مكان الناشر او الموزع دمشق :
اسم الناشر او الموزع دار الفرقد،
تاريخ النشر أو التوزيع 2016.
300 ## - الوصف المادى
التعداد 535 ص. ؛
أبعاد الوعاء 24 سم.
504 ## - تبصرة ببليوجرافية
تبصرة ببليوجرافية,الخ يشتمل على إرجاعات ببليوجرافية.
546 ## - تبصرة اللغة
تبصرة اللغة النص باللغة العربية ؛ مترجم من اللغة الإنجليزية.
650 #7 - المدخل الاضافى بالموضوع-مصطلح موضوعى
مصطلح موضوعي أو اسم جغرافي كعنصر مدخل الخطب السياسية.
مصدر الرأس أو المصطلح BUEsh
650 #7 - المدخل الاضافى بالموضوع-مصطلح موضوعى
مصطلح موضوعي أو اسم جغرافي كعنصر مدخل الإعلام
التقسيم الفرعي العام جوانب سياسية.
مصدر الرأس أو المصطلح BUEsh
650 #7 - المدخل الاضافى بالموضوع-مصطلح موضوعى
مصطلح موضوعي أو اسم جغرافي كعنصر مدخل تحليل الخطاب
التقسيم الفرعي العام جوانب سياسية.
مصدر الرأس أو المصطلح BUEsh
9 (RLIN) 17703
651 ## - المدخل الاضافى بالموضوع - اسم جغرافى
مصدر الرأس أو المصطلح BUEsh
653 ## - مصطلح تكشيفى غير مقيد
Resource For college BAEPS, Political Science
-- Humanities: English
700 1# - المدخل الاضافى - اسم شخصى
الإسم الشخصى فيركلاو، نورمان.
700 1# - المدخل الاضافى - اسم شخصى
الإسم الشخصى عمورة، عبد الفتاح،
الدور مترجم.
942 ## - عناصر المدخل الإضافي( كوها)
مصدر التصنيف او مخطط الترفيف Dewey Decimal Classification
Holdings
حالة التراجع حالة الفقد مصدر التصنيف او خطة الترفيف حالة تلف ليس للاعارة مجموعات كوها المكان الدائم المكان الحالي موقع الترفيف تاريخ الاكتساب Source of acquisition سعر الشراء الطبيعي تعداد مسلسل / التسلسل الزمني رقم الاستدعاء الباركود Date last seen التكلفة نوع الوعاء
    Dewey Decimal Classification     Madboly Central Library Central Library First floor 01/04/2019 Purchase 400.00 0921 320.014 ف ي ر 000044532 15/07/2025 500.00 Book - Borrowing